00625 a2200193 4500020001100000035001200011037004400023082000800067090001500075100002100090245005500111250001300166260004400179300003500223700001700258942002300275999001500298952011800313 c350.00 aB-88966 bRP-NN-12 / PANSY-05-06:1 / RP-05-06:ENG14a302 c3337d33371 aBaron, Robert A.1 aSocial psychologycby Robert A. Baron, Donn Byrnet a10th ed. aNew DelhibPrentice-Hall of Indiac2004 axxxii, 672 pbillc28 cm (pbk) aByrnet, Donn adplcENk302 / BAR c3272d3272 00102ddc407-18NFICaNNbNNg350.00l0o302 BARpB-88966r2008-09-15 00:00:00t1u3483v350.00w2008-09-15yEN